[Event "Barcelona Sant Marti op-B 17th"]
[Site "Barcelona"]
[Date "2015.07.13"]
[Round "1"]
[White "Subirana Santos, Marc"]
[Black "Guinjoan Fradera, Joan"]
[Result "1/2-1/2"]
[WhiteElo "1949"]
[BlackElo "1726"]
[PlyCount "140"]
[EventDate "2015.07.13"]
[EventType "swiss"]
[EventRounds "9"]
[EventCountry "ESP"]
[SourceTitle "EXT 2016"]
[Source "ChessBase"]
[SourceDate "2015.10.08"]
[SourceVersion "1"]
[SourceVersionDate "2015.10.08"]
[SourceQuality "1"]

1. c4 c5 2. g3 e6 3. Bg2 Nf6 4. Nf3 Nc6 5. 0-0 Be7 6. Nc3 0-0 7. d3 d5 8. a3 dxc4 9. dxc4 a6 10. Qc2 Qc7 11. Ne4 Nd4 12. Nxd4 cxd4 13. b4 Bd7 14. Bg5 Bc6 15. Bxf6 Bxf6 16. Nxf6+ gxf6 17. Bxc6 Qxc6 18. Rac1 f5 19. Qd2 Rad8 20. Qg5+ Kh8 21. Qf6+ Kg8 22. Rfd1 Qe4 23. c5 Qg4 24. h4 Qg7 25. Qe7 Rb8 26. c6 bxc6 27. Rxc6 f4 28. Qg5 Qxg5 29. hxg5 fxg3 30. f4 Rfc8 31. Rxc8+ Rxc8 32. Rxd4 Rc2 33. Rd3 Rxe2 34. Rxg3 Re4 35. Rf3 Rd4 36. Kg2 Kg7 37. Kg3 Kg6 38. Re3 Rd5 39. Kg4 Rd6 40. Rc3 Rb6 41. Kf3 Rd6 42. Ke3 Kf5 43. Rc5+ Kg6 44. a4 Rb6 45. b5 axb5 46. Rxb5 Ra6 47. a5 f6 48. gxf6 Kxf6 49. Ke4 h6 50. Rc5 Rd6 51. Rb5 Ra6 52. Kd4 Kg6 53. Ke5 Kh5 54. Ke4+ Kg4 55. Ke3 h5 56. Rg5+ Kh4 57. Kf3 Rc6 58. Rg6 Rc3+ 59. Ke4 Ra3 60. Ke5 Rxa5+ 61. Kxe6 Ra6+ 62. Kf5 Rxg6 63. Kxg6 Kg4 64. f5 h4 65. f6 h3 66. f7 h2 67. f8Q h1Q 68. Qf5+ Kg3 69. Qg5+ Kh2 70. Qf4+ Kh3 1/2-1/2

[Event "Foment Martinenc op-B 17th"]
[Site "Barcelona"]
[Date "2015.06.06"]
[Round "7"]
[White "Guinjoan Fradera, Joan"]
[Black "Sanchez Coves, Juan Josep"]
[Result "0-1"]
[WhiteElo "1737"]
[BlackElo "1894"]
[PlyCount "88"]
[EventDate "2015.04.25"]
[EventType "swiss"]
[EventRounds "9"]
[EventCountry "ESP"]
[SourceTitle "EXT 2017"]
[Source "ChessBase"]
[SourceDate "2016.10.25"]
[SourceVersion "1"]
[SourceVersionDate "2016.10.25"]
[SourceQuality "1"]

1. e4 c5 2. Nf3 d6 3. h3 Nc6 4. d4 cxd4 5. Nxd4 Nf6 6. Nxc6 bxc6 7. Bd3 e6 8. Bg5 Qa5+ 9. Bd2 Qb6 10. Bc3 e5 11. Nd2 Be6 12. Qe2 Be7 13. Nc4 Bxc4 14. Bxc4 0-0 15. b4 d5 16. exd5 cxd5 17. Bb3 Bxb4 18. Bxb4 Qxb4+ 19. Qd2 Qxd2+ 20. Kxd2 Ne4+ 21. Ke3 Nc3 22. Rae1 a5 23. Kd3 a4 24. Kxc3 axb3 25. axb3 f6 26. Ra1 Rfd8 27. Kb2 Kf7 28. Rxa8 Rxa8 29. Ra1 Rxa1 30. Kxa1 d4 31. f3 Ke7 32. Kb2 f5 33. b4 e4 34. b5 e3 35. b6 Kd7 36. b7 Kc7 37. b8Q+ Kxb8 38. Kc1 Kc7 39. g4 fxg4 40. hxg4 Kd6 41. Kd1 Ke5 42. Ke2 Kf4 43. g5 h5 44. gxh6 gxh6 0-1

[Event "Foment Martinenc op-B 17th"]
[Site "Barcelona"]
[Date "2015.04.25"]
[Round "1"]
[White "Guinjoan Fradera, Joan"]
[Black "Rossell Rodriguez, Oriol"]
[Result "1/2-1/2"]
[WhiteElo "1737"]
[BlackElo "1917"]
[PlyCount "131"]
[EventDate "2015.04.25"]
[EventType "swiss"]
[EventRounds "9"]
[EventCountry "ESP"]
[SourceTitle "EXT 2017"]
[Source "ChessBase"]
[SourceDate "2016.10.25"]
[SourceVersion "1"]
[SourceVersionDate "2016.10.25"]
[SourceQuality "1"]

1. e4 e6 2. Nf3 d5 3. exd5 exd5 4. d4 Nf6 5. h3 Bd6 6. Be2 Bf5 7. Be3 Nbd7 8. Bd3 Bxd3 9. Qxd3 c6 10. Nbd2 Qb6 11. Qb3 Qxb3 12. axb3 0-0 13. 0-0 Rfe8 14. Rfe1 a6 15. c3 Ne4 16. b4 Nb6 17. Nxe4 Rxe4 18. Nd2 Re6 19. b3 Rae8 20. Nf3 h6 21. Kf1 Nd7 22. Bd2 Nf6 23. Rxe6 Rxe6 24. c4 Kf8 25. c5 Bc7 26. Re1 Ne4 27. Be3 Ke7 28. Bc1 Kd7 29. Nd2 Nxd2+ 30. Bxd2 Ke7 31. g3 Kf6 32. Kg2 Kf5 33. Rxe6 fxe6 34. f4 Ke4 35. Bc3 Kd3 36. Ba1 Bd8 37. g4 Ke4 38. Kg3 Bc7 39. Kh4 Kxf4 40. Bb2 Bd8+ 41. Kh5 Bf6 42. h4 g5 43. Bc1+ Ke4 44. hxg5 hxg5 45. Bxg5 Bxd4 46. Bd2 Kd3 47. Bh6 Bc3 48. g5 Ke4 49. g6 Kf5 50. g7 Bxg7 51. Bxg7 e5 52. Kh4 Kf4 53. Kh3 d4 54. Kg2 d3 55. Bh6+ Ke4 56. Bd2 Kd4 57. Kf2 e4 58. Bc1 Kc3 59. Ke3 Kxb3 60. Kxe4 Kxb4 61. Kd4 a5 62. Bd2+ Kb5 63. Be3 a4 64. Kxd3 Kb4 65. Kc2 a3 66. Kb1 1/2-1/2

[Event "Barcelona Sant Marti op-B 4th"]
[Site "Barcelona"]
[Date "2015.03.05"]
[Round "8"]
[White "Tordera Jumilla, Joaquim"]
[Black "Guinjoan Fradera, Joan"]
[Result "0-1"]
[WhiteElo "1700"]
[BlackElo "1742"]
[PlyCount "68"]
[EventDate "2015.01.15"]
[EventType "swiss"]
[EventRounds "9"]
[EventCountry "ESP"]
[SourceTitle "EXT 2016"]
[Source "ChessBase"]
[SourceDate "2015.10.08"]
[SourceVersion "1"]
[SourceVersionDate "2015.10.08"]
[SourceQuality "1"]

1. d4 d5 2. c4 Nf6 3. Nc3 e6 4. Bg5 Be7 5. Nf3 h6 6. Bxf6 Bxf6 7. e3 0-0 8. cxd5 exd5 9. Bd3 c6 10. 0-0 Bg4 11. Re1 Nd7 12. h3 Bh5 13. g4 Bg6 14. Bxg6 fxg6 15. e4 dxe4 16. Rxe4 Re8 17. Rxe8+ Qxe8 18. Qd3 Nb6 19. Re1 Qf7 20. b3 Rd8 21. Re4 g5 22. Kg2 Nd5 23. Ne5 Bxe5 24. Rxe5 Nf4+ 25. Kg3 Nxd3 26. Rf5 Qc7+ 27. f4 Nxf4 28. d5 Nxd5+ 29. Kg2 Ne3+ 30. Kf3 Nxf5 31. gxf5 Rd3+ 32. Kg4 Rxc3 33. Kh5 Rxh3+ 34. Kg6 Qf7# 0-1

[Event "Barcelona Sant Marti op-B 4th"]
[Site "Barcelona"]
[Date "2015.02.05"]
[Round "4"]
[White "Poyato Ruiz, Fernando"]
[Black "Guinjoan Fradera, Joan"]
[Result "1-0"]
[WhiteElo "1964"]
[BlackElo "1742"]
[PlyCount "115"]
[EventDate "2015.01.15"]
[EventType "swiss"]
[EventRounds "9"]
[EventCountry "ESP"]
[SourceTitle "EXT 2016"]
[Source "ChessBase"]
[SourceDate "2015.10.08"]
[SourceVersion "1"]
[SourceVersionDate "2015.10.08"]
[SourceQuality "1"]

1. d4 d5 2. c4 e6 3. Nc3 Bb4 4. Nf3 Nf6 5. Bg5 dxc4 6. Qa4+ Nc6 7. e3 Bxc3+ 8. bxc3 0-0 9. Bxc4 h6 10. Bh4 Bd7 11. Qc2 g5 12. Bg3 Nh5 13. e4 Nxg3 14. hxg3 Qf6 15. e5 Qg7 16. Qe2 Ne7 17. Nd2 Bc6 18. Rh2 Nd5 19. Bxd5 exd5 20. 0-0-0 Rae8 21. Rdh1 Re6 22. Nf1 f5 23. Ne3 g4 24. Rh5 Qe7 25. Nxf5 Qa3+ 26. Qb2 Qxb2+ 27. Kxb2 Be8 28. Nxh6+ Kg7 29. Rg5+ Rg6 30. Nf5+ Kf7 31. Rxg6 Kxg6 32. Nh4+ Kg5 33. f3 Bd7 34. f4+ Kh6 35. Nf5+ Kg6 36. Ne7+ Kg7 37. Nxd5 c6 38. Nf6 Be6 39. Rh7+ Kg6 40. Rh4 Kf7 41. Nxg4 Bd5 42. Ne3 Rg8 43. Nxd5 cxd5 44. g4 Kg6 45. Kc2 b5 46. Kd3 a5 47. Rh5 Rb8 48. f5+ Kf7 49. g5 b4 50. g6+ Kg8 51. cxb4 Rxb4 52. f6 Ra4 53. g7 Ra3+ 54. Kc2 Rxa2+ 55. Kb3 Rxg2 56. Rh8+ Kf7 57. Rf8+ Ke6 58. g8Q+ 1-0

[Event "Barcelona Sant Marti op-B 4th"]
[Site "Barcelona"]
[Date "2015.01.15"]
[Round "1"]
[White "Guinjoan Fradera, Joan"]
[Black "Demestres Lopez, Ricardo"]
[Result "0-1"]
[WhiteElo "1742"]
[BlackElo "1910"]
[PlyCount "100"]
[EventDate "2015.01.15"]
[EventType "swiss"]
[EventRounds "9"]
[EventCountry "ESP"]
[SourceTitle "EXT 2016"]
[Source "ChessBase"]
[SourceDate "2015.10.08"]
[SourceVersion "1"]
[SourceVersionDate "2015.10.08"]
[SourceQuality "1"]

1. e4 e5 2. Nf3 Nc6 3. d4 exd4 4. Nxd4 Nxd4 5. Qxd4 c5 6. Qe5+ Qe7 7. Qxe7+ Bxe7 8. Bd3 d6 9. Nc3 a6 10. Nd5 Bd8 11. 0-0 Be6 12. b3 Bxd5 13. exd5 Bf6 14. Rb1 0-0-0 15. c4 Ne7 16. Bb2 Bxb2 17. Rxb2 g6 18. Re2 Rhe8 19. Rfe1 Kd7 20. Kf1 f5 21. f4 Ng8 22. h3 Nf6 23. g3 Rxe2 24. Rxe2 Re8 25. Kf2 h5 26. Kf3 Rxe2 27. Kxe2 Ke7 28. Kf3 Kf7 29. a4 Ke7 30. Bb1 Nh7 31. Bc2 Kf6 32. Bb1 g5 33. fxg5+ Nxg5+ 34. Kg2 Ke5 35. h4 Ne4 36. Bxe4 Kxe4 37. Kf2 Kd3 38. Kf3 Kc3 39. Kf4 Kxb3 40. Kxf5 Kxc4 41. g4 hxg4 42. Kxg4 Kxd5 43. h5 Ke6 44. Kg5 Kf7 45. Kh6 c4 46. Kh7 c3 47. h6 c2 48. Kh8 d5 49. h7 Kg6 50. Kg8 c1Q 0-1

[Event "Barcelona Sant Marti op-B 16th"]
[Site "Barcelona"]
[Date "2014.07.18"]
[Round "6"]
[White "Guinjoan Fradera, Joan"]
[Black "Marabajan Navas, Saul"]
[Result "1-0"]
[WhiteElo "1770"]
[BlackElo "1723"]
[PlyCount "95"]
[EventDate "2014.07.13"]
[EventType "swiss"]
[EventRounds "9"]
[EventCountry "ESP"]
[SourceTitle "CBM 161 Extra"]
[Source "ChessBase"]
[SourceDate "2014.08.29"]
[SourceVersion "1"]
[SourceVersionDate "2014.08.29"]
[SourceQuality "1"]

1. e4 e5 2. Nf3 Nc6 3. c4 Nf6 4. d3 Bb4+ 5. Bd2 Bxd2+ 6. Qxd2 0-0 7. Be2 d6 8. 0-0 h6 9. b4 Be6 10. b5 Ne7 11. Nc3 Qd7 12. h3 Bxh3 13. gxh3 Qxh3 14. Nh2 Ng6 15. Qe3 Qh4 16. Qg3 Qxg3+ 17. fxg3 c6 18. Rab1 c5 19. Nd5 Nxd5 20. cxd5 f6 21. Nf3 Rf7 22. Kg2 Raf8 23. Nh4 Nxh4+ 24. gxh4 g6 25. Rf3 Rh7 26. Rbf1 Kg7 27. a4 g5 28. h5 a6 29. b6 a5 30. R1f2 Kg8 31. Rxf6 Rxf6 32. Rxf6 Rd7 33. Rxh6 Kg7 34. Rg6+ Kh7 35. Rxg5 Rg7 36. Rxg7+ Kxg7 37. Kg3 Kh6 38. Kh4 Kg7 39. Bg4 Kh6 40. Bc8 Kh7 41. Bxb7 Kg7 42. Bc6 Kf7 43. b7 Kg8 44. b8Q+ Kh7 45. Kg5 Kg7 46. h6+ Kh7 47. Qb7+ Kh8 48. Qg7# 1-0